Times em que o Loco Abreu jogou - Statistics

Estatísticas Gerais
  • Esse quiz foi jogado 43 vezes
  • A pontuação média é 8 de 32
Estatísticas das Respostas
Time % Correto
Botafogo
95%
Nacional
78%
Grêmio
62%
River Plate
54%
Athletic Club
41%
Defensor
38%
Figueirense
38%
Bangu
32%
América-MEX
30%
Deportivo La Coruña
27%
Boston River
22%
Olímpia Minas
22%
San Lorenzo
22%
Audax Italiano
19%
Cruz Azul
19%
Dorados
19%
Monterrey
19%
Real Sociedad
19%
Rio Branco-ES
19%
Tigres
19%
Rosário Central
16%
Sol de América
16%
Aris Salônica
11%
Beitar Jerusalem
11%
San Luis
11%
Tecos
11%
Aucas
8%
Magallanes
8%
Central Español
5%
Deportes Puerto Montt
5%
Santa Tecla
5%
Sud América
5%
Nenhum quiz correspondente encontrado
Distribuição das Pontuações
Porcentagem de Pessoas com Cada Pontuação
Percentil de Números Respondidos
Sua Pontuação Histórica
Você não jogou esse quiz